Statistics for Spongebob Fun Song

Click here to take the quiz!

General Stats

  • This quiz has been taken 249 times
    (207 since last reset)
  • The average score is 7 of 10

Answer Stats

HintAnswer% Correct
U is for...{You} and me
100%
F is for...{Friends} who do stuff together
98%
F is for...{Fire} that burns down the whole town
91%
Down here in the...{Deep} {Blue} {Sea}
90%
N is for...{Anywhere} and any time at all
79%
U is for...{Uranium} Bombs
79%
N is for...{No} {Survivors}
66%
F is for...{Frolicking} through all the flowers
38%
N is for...{Nose picking}, sharing gum and sand licking
38%
U is for...{Ukelele}
31%

Score Distribution

Percentile by Number Answered

Percent of People with Each Score

Your Score History

You have not taken this quiz since the last reset